000 01310nam a2200313 a 4500
001 ebr10490865
003 CaPaEBR
006 m u
007 cr cn|||||||||
008 110914s2011 enka s 001 0 eng d
020 _z9781849680509
020 _z9781849680516 (e-book)
040 _aCaPaEBR
_cCaPaEBR
035 _a(OCoLC)758904985
050 1 4 _aQA76.9.D3
_bK37 2011eb
100 1 _aKashel, Jeremy.
245 1 0 _aMicrosoft SQL Server 2008 R2 master data services
_h[electronic resource] :
_bmanage and maintain your organization's master data effectively with Microsoft SQL Server 2008 R2 master data services /
_cJeremy Kashel, Tim Kent, Martyn Bullerwell.
260 _aOlton, Birmingham, U.K. :
_bPackt Pub.,
_c2011.
300 _avi, 337 p. :
_bill.
500 _aIncludes index.
533 _aElectronic reproduction.
_bPalo Alto, Calif. :
_cebrary,
_d2011.
_nAvailable via World Wide Web.
_nAccess may be limited to ebrary affiliated libraries.
630 0 0 _aSQL server.
650 0 _aDatabase management.
655 7 _aElectronic books.
_2local
700 1 _aKent, Timothy J.
700 1 _aBullerwell, Martyn.
710 2 _aebrary, Inc.
856 4 0 _uhttp://site.ebrary.com/lib/rucke/Doc?id=10490865
_zAn electronic book accessible through the World Wide Web; click to view
999 _c126772
_d126772